| 000 | 00824cam a2200265 i 4500 | ||
|---|---|---|---|
| 001 | 18260216 | ||
| 005 | 20180302082221.0 | ||
| 008 | 140808s2014 caua 001 0 eng | ||
| 010 | _a 2012276628 | ||
| 020 | _a9780976423331 | ||
| 020 | _a0976423332 | ||
| 035 | _a(OCoLC)ocn876684760 | ||
| 040 |
_aBTCTA _beng _cBTCTA _dYDXCP _erda _dSZR _dOCLCO _dVCV _dDLC |
||
| 041 | _aeng | ||
| 042 | _alccopycat | ||
| 080 | _a37 WON | ||
| 082 | _a37 WON | ||
| 100 | 1 | _a25 | |
| 101 | _aEDU | ||
| 245 | 0 | 4 |
_aThe Classroom management book / _cHarry K. Wong, Rosemary T. Wong and Sarah F. Jondahl, Oretha F. Ferguson. |
| 504 | _aIncludes bibliographical references and index. | ||
| 906 |
_a7 _bcbc _ccopycat _d2 _encip _f20 _gy-gencatlg |
||
| 942 |
_2ddc _cBK |
||
| 999 |
_c44074 _d44074 |
||